000 01068nam0a2200325 4500
001 RU\NLR\bibl\1864916
005 20250616184236.0
021 _aRU
_b2012-121
_99
035 _a(NLR Aleph) 001854797
090 _a2451089
_c2451089
100 _a20120206d2011 |||y0rusy50 ca
101 0 _arus
102 _aRU
105 _aa |||||||||
200 1 _aАбреки на Кавказе
_fЮ.В. Хоруев
205 _aИзд. 3-е, доп.
210 _aВладикавказ
_cОлимп
_d2011
215 _a511 с.
_cил., портр.
_d21
300 _aНа 4-й с. обл. авт.: Хоруев Ю.В. - д.ист.н., проф., засл. деят. науки
320 _aБиблиогр.: с. 500-510
606 1 _aАбречество
_92355669
_3RU\NLR\auth\661407062
686 _aТ3(2)472-452
686 _aТ3(2)47-299
700 1 _aХоруев
_bЮ. В.
_gЮрий Владимирович
_4070
801 0 _aRU
_bNLR
_c20120206
_gRCR
801 1 _aRU
_bNLR
_c20120206
942 _cBOOK
980 _aNB
980 _aNBR